000 00285 a2200133 4500
000 nam a22 7a 4500
100 _aMadan
110 _aMadan
245 _aQuantitative Zoology
250 _alatest edition
260 _bMedtech
_c2026
264 _bMedtech
_c2026
942 _cBK
999 _c395239
_d395239